000 00621nam a2200181 i 4500
001 102563
003 ES-MaACL
005 20230906183133.0
007 t|
008 051117s1958 xxu ||||1| eng d
100 1 _aMerrill, Harwood F.
_980600
245 1 0 _aDeveloping executive skills
_b: new paterns for management growth /
_cHarwood F. Merrill, Elizabeth Marting...
260 _aNew York :
_bAmerican Management Asoociation,
_c1958.
300 _a431 p. ;
_c24 cm.
700 1 _aMarting, Elizabeth.
_978489
710 0 0 _aAmerican Management Association (
_cNew York)
_91366
852 _aES-MaACL
_jC-16541
_bR.44688
999 _c102563
_d102563